| 000 | 00793nam a22002057a 4500 | ||
|---|---|---|---|
| 003 | BD-DhUL | ||
| 005 | 20170517153919.0 | ||
| 008 | 170517s1990 bg a|||| |||| 00| 0 ben c | ||
| 020 | _a8170740649 | ||
| 040 |
_aBD-DhUL _cBD-DhUL |
||
| 082 |
_a954.02 _bMAD |
||
| 245 | 0 | 0 |
_aমধ্যকালীন ভারত : _cইরফান হাবিব _bদ্বিতীয় খন্ড / |
| 260 |
_aকলকাতা : _bবাগচী, _c১৯৯০ |
||
| 300 |
_aখন্ড : _bচিত্র ; _c২১ সেমি |
||
| 504 | _aগ্রন্থপঞ্জিগত তথ্য সংবলিত | ||
| 650 | 0 | _a ভারত - ইতিহাস | |
| 650 | 0 | _aIndia - history | |
| 700 | 1 |
_aহাবিব, ইরফান _eসম্পাদক |
|
| 942 |
_2ddc _cBK |
||
| 999 |
_c198698 _d198698 |
||